Winter in Moscow. (Record no. 63762)
[ view plain ]
| 000 -LEADER | |
|---|---|
| fixed length control field | 00908cam3a220026500 4500 |
| 001 - CONTROL NUMBER | |
| control field | tmp15860297 |
| 003 - CONTROL NUMBER IDENTIFIER | |
| control field | UPRA |
| 005 - DATE AND TIME OF LATEST TRANSACTION | |
| control field | 20190815102057.0 |
| 008 - FIXED-LENGTH DATA ELEMENTS--GENERAL INFORMATION | |
| fixed length control field | 951107s1967 nyu eng u |
| 035 ## - SYSTEM CONTROL NUMBER | |
| System control number | (Sirsi) r77367 |
| 035 ## - SYSTEM CONTROL NUMBER | |
| System control number | (UPRA)tmp15860297 |
| 040 ## - CATALOGING SOURCE | |
| Transcribing agency | UPRA |
| 100 1# - MAIN ENTRY--PERSONAL NAME | |
| Personal name | Carew, Jan. |
| Linkage | A37319.1 |
| 245 10 - TITLE STATEMENT | |
| Title | Winter in Moscow. |
| 260 ## - PUBLICATION, DISTRIBUTION, ETC. | |
| Place of publication, distribution, etc. | [New York : |
| Name of publisher, distributor, etc. | Avon Books, |
| Date of publication, distribution, etc. | 1967] |
| 500 ## - GENERAL NOTE | |
| General note | "A Ladder edition at the 1,000-word level." |
| 500 ## - GENERAL NOTE | |
| General note | Orig. published in 1964 as Moscow is not my Mecca in London, and Green Winter in New York. |
| 650 #0 - SUBJECT ADDED ENTRY--TOPICAL TERM | |
| Topical term or geographic name entry element | Discrimination -- Russia. |
| Geographic subdivision | Discrimination -- Russia. |
| Linkage | S29375.1 |
| 650 #0 - SUBJECT ADDED ENTRY--TOPICAL TERM | |
| Topical term or geographic name entry element | Students -- Russia. |
| Geographic subdivision | Students -- Russia. |
| Linkage | S29376.1 |
| 650 #0 - SUBJECT ADDED ENTRY--TOPICAL TERM | |
| Topical term or geographic name entry element | Negro students in Russia. |
| Linkage | S29377.1 |
| 650 #0 - SUBJECT ADDED ENTRY--TOPICAL TERM | |
| Topical term or geographic name entry element | Guyanese students in Russia. |
| Linkage | S29378.1 |
| 949 ## - LOCAL PROCESSING INFORMATION (OCLC) | |
| a | LA838.7 |
| w | lcc |
| i | -106157 |
| m | MAIN |
| t | BOOK |
| l | ON-SHELF |
| 987 ## - LOCAL ROMANIZATION/CONVERSION HISTORY (OCLC) | |
| Romanization/conversion identifier | WITHDRAWN |
No items available.